000 00689nam a22002297a 4500
999 _c13938
_d13938
003 AR-CdUCM
008 190417b ||||| |||| 00| 0 spa d
040 _aMUNICIPALIDAD PROVINCIAL DEL CUSCO
_cBIBLIOTECA MUNICIPAL DEL CUSCO
082 _a869.56 /
_bES76
100 _aEscalante A., Augusto
_932565
245 _aVoces y cantos :
_bPoemas /
260 _aAyacucho :
_bLa miniatura,
_c1978.
300 _aXXV paginas ;
_c20 cm
500 _aDonación de la familia Nieto Dedicatoria a Luis Nieto
505 _aPoemas
650 _aPoemas
_9929
650 _aCantos
_91085
650 _aVoces
_932566
650 _aLiteratura
_983
942 _2ddc
_cLIBROS
945 _apjha
_d2019-04-17